00410nam a22001337a 4500020001800000082002200018100002400040245006900064260003300133300002800166526003700194526003700231650000800268 a81-85384-16-9 a355.33041954bSOD aBrigadier H S Sodhi aTop Brass A Critical Appraisal of the Indian Military Leadership aIndia|bTrishul Publications a300 p. :bill. :c10 Cm a0b0c0d355_330419540000000_SOD a0b0c0d355_330419540000000_SOD aMCE